CHIESA OGGI ARCHITETTURA E COMUNICAZIONE, ANNO 02-N.04 (APRILE 1993) (Record no. 111745)

MARC details
000 -LEADER
fixed length control field 01121nas a2200253Ia 4500
001 - CONTROL NUMBER
control field R223/B5957
003 - CONTROL NUMBER IDENTIFIER
control field IT-RoPAU
008 - FIXED-LENGTH DATA ELEMENTS--GENERAL INFORMATION
fixed length control field 151124c99999999xx |||||||||||| ||und||
040 ## - CATALOGING SOURCE
Original cataloging agency IT-RoPAU
040 ## - CATALOGING SOURCE
Transcribing agency IT-RoPAU
041 ## - LANGUAGE CODE
Language code of text/sound track or separate title ITALIANO
100 ## - MAIN ENTRY--PERSONAL NAME
Personal name Gresleri Glauco
Miscellaneous information Codice Aut. SPICS: 48110
210 ## - ABBREVIATED TITLE
Abbreviated title CHIESA OGGI ARCHITETTURA E COMUNICAZIONE
222 ## - KEY TITLE
Key title Chiesa Oggi Architettura E Comunicazione
245 ## - TITLE STATEMENT
Title CHIESA OGGI ARCHITETTURA E COMUNICAZIONE, ANNO 02-N.04 (APRILE 1993)
Remainder of title Melchiorre Bega E Il Trionfo Dell'Architettura Nuova
250 ## - EDITION STATEMENT
Edition statement 1a ed.
260 ## - PUBLICATION, DISTRIBUTION, ETC. (IMPRINT)
Place of publication, distribution, etc. MILANO
Name of publisher, distributor, etc. DI BAIO EDITORE
Date of publication, distribution, etc. 1993
300 ## - PHYSICAL DESCRIPTION
Extent 6 p. [66-71]
362 ## - DATES OF PUBLICATION AND/OR SEQUENTIAL DESIGNATION
Dates of publication and/or sequential designation ANNO 002, N.04 (APRILE 1993)
501 ## - WITH NOTE
-- Paulus - SPICS - Società San Paolo EM (non-commercial uses only)
-- Copyright2015
500 ## - GENERAL NOTE
General note L'Architetto Gresleri Rievoca la Gestazione della Chiesa di S. Giovanni Battista a Casalecchio di Reno, Opera di Uno dei Grandi dell'Architettura Contemporanea e Momento Emblematico del Periodo in Cui Si Rivoluziono' L'Architettura Sacra in Italia. Note d
650 ## - SUBJECT ADDED ENTRY--TOPICAL TERM
Topical term or geographic name as entry element ESTETICA
Form subdivision PUBBLICAZIONE PERIODICA
942 ## - ADDED ENTRY ELEMENTS (KOHA)
Koha item type RIVISTA
Holdings
Withdrawn status Lost status Damaged status Not for loan Home library Current library Date acquired Total Checkouts Full call number Date last seen Price effective from Koha item type Public note
    Buone Condizioni Not For Loan SPICS-MEDIATECA SPICS-MEDIATECA 25/11/2015   R223/B5957 25/11/2015 25/11/2015 RIVISTA Progr. Ins: 65599 / Copia rara: NO / date import: 25.11.2015 / By Epidotti, Trombetti, Vaglietti
CREDITS: SOCIETA' SAN PAOLO Via A.Severo, 58 - ROMA (RM) & PERIODICI SAN PAOLO SRL Via Giotto, 36 MILANO & CISF Via Giotto, 36 MILANO & EDIZIONI SAN PAOLO SRL,  Piazza Soncino, 5 CINISELLO BALSAMO (MI) -- ITALY